000
00301 a2200109 4500
020
_a
9789354653544
100
_a
Manivannan,C.
_9
181489
245
_a
Community Health Nursing Record Book
250
_a
1
260
_b
Jaypee Brothers Medical Publisher
_c
2022
999
_c
158815
_d
158815
650
_a
COMMUNITY HEALTH NURSING
_9
181705